Water storage in the Truckee basin, California-Nevada, (Record no. 24136)

MARC details
000 -LEADER
fixed length control field 00984cam a22002531 4500
001 - CONTROL NUMBER
control field gs 05000041
003 - CONTROL NUMBER IDENTIFIER
control field DLC
005 - DATE AND TIME OF LATEST TRANSACTION
control field 20260227111300.0
008 - FIXED-LENGTH DATA ELEMENTS--GENERAL INFORMATION
fixed length control field 840917s1902 dcuaf f000 0 eng c
010 ## - LIBRARY OF CONGRESS CONTROL NUMBER
LC control number gs 05000041
035 ## - SYSTEM CONTROL NUMBER
System control number (OCoLC)11164280
040 ## - CATALOGING SOURCE
Original cataloging agency Library. U.S. Geological Survey
Transcribing agency CLS
Modifying agency DLC
042 ## - AUTHENTICATION CODE
Authentication code premarc
050 00 - LIBRARY OF CONGRESS CALL NUMBER
Classification number TC801
Item number .U2 no. 68
051 ## - LIBRARY OF CONGRESS COPY, ISSUE, OFFPRINT STATEMENT
Classification number TC824.C2
Item number T2
Copy information Copy 2
100 1# - MAIN ENTRY--PERSONAL NAME
Personal name Taylor, Leon Henry,
Dates associated with a name 1863-
245 10 - TITLE STATEMENT
Title Water storage in the Truckee basin, California-Nevada,
Statement of responsibility, etc. by L.H. Taylor.
260 ## - PUBLICATION, DISTRIBUTION, ETC.
Place of publication, distribution, etc. Washington,
Name of publisher, distributor, etc. Govt. Print. Off.,
Date of publication, distribution, etc. 1902.
300 ## - PHYSICAL DESCRIPTION
Extent 90 p.
Other physical details illus., viii pl.
Dimensions 23 cm.
490 0# - SERIES STATEMENT
Series statement U.S. Geological survey. Water-supply and irrigation paper
Volume/sequential designation no. 68
500 ## - GENERAL NOTE
General note Subject series: J. Water-storage, 6.
501 ## - WITH NOTE
With note TC801.U2 no. 68 with : Accuracy of stream measurements. Washington : Govt. Print. Off., 1902. Bound together subsequent to publication.
Institution to which field applies DLC
650 #0 - SUBJECT ADDED ENTRY--TOPICAL TERM
Topical term or geographic name entry element Water
General subdivision Storage
Geographic subdivision Truckee River (Calif. and Nev.)

No items available.

Powered by Koha